Principles of water quality control /

Spremljeno u:
Bibliografski detalji
Glavni autor: Tebbutt, T. H. Y.
Format: Knjiga
Jezik:English
Izdano: Boston, Mass. : Butterworth-Heinemann, 1998.
Izdanje:5th ed.
Teme:
Oznake: Dodaj oznaku
Bez oznaka, Budi prvi tko označuje ovaj zapis!
Thư viện lưu trữ: Mạng thư viện Đại học Đà Nẵng
LEADER 00862cam a2200337 i 4500
001 000046246
003 5705
005 20030217111553.0
008 010220|1998 vm 000 eng
020 |a 0750636580 (pbk.) 
040 |a IRC  |c IRC  |d IRC 
041 0 |a eng 
082 1 4 |a 628.16  |b TE-T 
100 1 |a Tebbutt, T. H. Y. 
245 0 0 |a Principles of water quality control /  |c T. H. Y. Tebbutt. 
250 |a 5th ed. 
260 |a Boston, Mass. :  |b Butterworth-Heinemann,  |c 1998. 
300 |a viii, 280p. :  |b ill. 
630 0 4 |a Water. 
650 0 4 |a Water  |x Purification. 
650 0 4 |a Water quality management. 
OWN |a DUT 
999 |a From the UDN01 
TYP |a Monograph 
TYP |a Printed language 
980 |a Mạng thư viện Đại học Đà Nẵng